• 首页
  • 本馆介绍
  • 公告通知
  • 最新文献
  • 馆藏检索
  • 电子资源
  • 读者导购
  • 参考咨询
  • 我的图书馆
  • 登录
  • 详细信息显示
  • 放入我的书架
  • 预约/预借图书
  • 作者相关作品
  • 分类相关作品
  • 丛书相关作品
  • 出版社相关作品

书目信息

  • 表格格式
  • 工作单格式
  • 卡片格式
题名:
三千年冤狱
    
 
作者: 杨师群 著
分册:  
出版信息: 南昌   江西高校出版社  1996
页数: 469页
开本: 20cm
丛书名:
单 册:
中图分类: D904
科图分类:
主题词: 案例--中国--古代 , 法的理论 , 法学
电子资源:
ISBN: 7-81033-558-8
000 00656nam0 2200241 450
001 1540463940
005 20150122162640.34
010    @a7-81033-558-8@dCNY15.00
100    @a19960806d1996 em y0chiy0110 ea
101 0  @achi
102    @aCN@b360000
105    @ay zn 000yy
200 1  @a三千年冤狱@9san qian nian yuan yu@f杨师群等著
210    @a南昌@c江西高校出版社@d1996
215    @a469页@d20cm
314    @a杨师群,华东政法学院法律古籍研究所任职
606 0  @a案例@y中国@z古代
606 0  @a法的理论
606 0  @a法学
690    @aD904@v4
701  0 @a杨师群@9yang shi qun@f(1951~)@4著
801  0 @aCN@bTSSF@c20150122
905    @aZUCC@dD904@eJY1
    
    三千年冤狱/杨师群等著.-南昌:江西高校出版社,1996
    469页;20cm
    
    
    ISBN 7-81033-558-8:CNY15.00
    
●
相关链接 在E读中查询图书 在五车中查询图书 在当当中查询图书 在豆瓣中查询图书


正题名:三千年冤狱     索取号:D904/JY1         预约/预借

序号 登录号 条形码 馆藏地/架位号 状态 备注
1 7839400   278394006   学院路分馆/ [索取号:D904/JY1] 在馆    
2 7839401   278394015   学院路分馆/ [索取号:D904/JY1] 在馆    
3 7839402   278394024   学院路分馆/ [索取号:D904/JY1] 在馆    
4 7847745   278477453   学院路分馆/ [索取号:D904/JY1] 在馆    
唐山师范学院图书馆 欢迎您!
大连网信软件有限公司© 版权所有